Quantitative Techniques vol. I (Record no. 92476)

MARC details
000 -LEADER
fixed length control field 00437nam a2200169Ia 4500
008 - FIXED-LENGTH DATA ELEMENTS--GENERAL INFORMATION
fixed length control field 230125s9999 xx 000 0 und d
041 ## - LANGUAGE CODE
Language code of text/sound track or separate title eng
082 ## - DEWEY DECIMAL CLASSIFICATION NUMBER
Classification number 658.4033
Item number JHA
100 ## - MAIN ENTRY--PERSONAL NAME
Personal name Jhamb L C
245 ## - TITLE STATEMENT
Title Quantitative Techniques vol. I
260 ## - PUBLICATION, DISTRIBUTION, ETC. (IMPRINT)
Date of publication, distribution, etc. 1988
Name of publisher, distributor, etc. Everest Publishing house
Place of publication, distribution, etc. Pune
300 ## - PHYSICAL DESCRIPTION
Extent 590p
500 ## - GENERAL NOTE
Keywords QT;Quantitative Techniques
650 ## - SUBJECT ADDED ENTRY--TOPICAL TERM
Topical term or geographic name as entry element Mathematics
9 (RLIN) 106897
700 ## - ADDED ENTRY--PERSONAL NAME
Personal name Jhamb L C
Holdings
Withdrawn status Lost status Damaged status Not for loan Home library Current library Date acquired Vendor Full call number Barcode Date last seen Bill Date Koha item type Original Barcode
Withdrawn       Smt. Hiraben Nanavati Institute of Management & Research for Women Smt. Hiraben Nanavati Institute of Management & Research for Women 08/02/2006 Satya Gilani 658.4033 JHA DB0981 HIMR-DB-981 25/01/2023 08/02/2006 Donated Book DB0981